Pays qui possédaient Séoul à travers l'histoire - Statistiques

Statistiques générales
  • Ce quiz a été pris 74 fois
    66 depuis la dernière actualisation
  • Le résultat moyen est 5 sur 10
Statistiques - réponses
Periode Pays % Correct
1897 - 1910 Empire de Corée
100%
1910 - 1945 Empire du Japon
98%
1948-Aujourd'hui Corée du Sud
90%
1950 - 1951 Corée du Nord
85%
1232 - 1270 Empire Mongol
42%
1392 - 1897 Période de Joseon
24%
935 - 1232 Royaume de Goryeo
10%
1270 - 1392 Royaume de Goryeo
10%
57 - 935 Royaume de Silla
10%
-18 - 57 Royaume de Baekje / Nombuyeo
2%
Aucun quiz correspondant
Distribution des résultats
% des personnes avec chaque résultat
Percentile par nombre de réponses
Votre historique - résultats
Vous n’avez pas pris ce quiz depuis la dernière actualisation